|
|
|
|
| LEADER |
00000nam0a2200000 4500 |
| 001 |
157575 |
| 005 |
20231101221956.0 |
| 010 |
|
|
|a 9785922110358
|b (в пер.)
|b 300 экз.
|
| 021 |
|
|
|a RU
|b 09-26330
|9 09-1565
|
| 035 |
|
|
|a (RuTPU)RU\TPU\book\170917
|
| 090 |
|
|
|a 157575
|
| 100 |
|
|
|a 20090427d2009 km y0rusy5002 ca
|
| 101 |
0 |
|
|a rus
|
| 102 |
|
|
|a RU
|
| 105 |
|
|
|a a z 001zy
|
| 200 |
1 |
|
|a Фундаментальные и прикладные исследования на микротроне
|f Ю. М. Ципенюк
|
| 210 |
|
|
|a Москва
|c Физматлит
|d 2009
|
| 215 |
|
|
|a 424 с.
|c ил.
|
| 320 |
|
|
|a Предм. указ.: с. 423-424.
|
| 320 |
|
|
|a Библиография в конце глав.
|
| 330 |
|
|
|a В книге обобщаются результаты теоретического исследования процесса ускорения электронов в классическом круговом и разрезном микротронах, результаты экспериментов по проверке теоретических выводов и по исследованию свойств ускоренных в микротроне электронов. Рассматриваются пути применения микротронов как источников тормозного излучения, позитронов, нейтронов (быстрых, резонансных и медленных), рентгеновского излучения и возможные процессы генерации рентгеновского излучения. Широко освещаются вопросы медицинских применений этого ускорителя (для радиотерапии и производства медицинских радионуклидов), возможные направления применения микротронов в геологии, геохимии, редкоземельной промышленности, для экспрессного определения содержания благородных металлов и состава различных руд. В книге также рассмотрены работы по околобарьерному и подбарьерному фотоделению тяжелых ядер, исследованию свойств спонтанно делящихся изомеров, поиску в природе непаулевских атомов, изучению фотоядерных реакций с вылетом альфа-частиц, исследованию двунейтронного распада ядер и высокоспиновых ядерных состояний. Предназначена широкому кругу научных работников, преподавателей, аспирантов и студентов, специализирующихся в области физики электронных ускорителей и их применений.
|
| 606 |
1 |
|
|a Микротроны
|x Физика
|2 stltpush
|3 (RuTPU)RU\TPU\subj\43772
|9 63214
|
| 610 |
1 |
|
|a электроника
|
| 610 |
1 |
|
|a фазовая устойчивость
|
| 610 |
1 |
|
|a классические микротроны
|
| 610 |
1 |
|
|a конструкции
|
| 610 |
1 |
|
|a инжекция
|
| 610 |
1 |
|
|a разрезные микротроны
|
| 610 |
1 |
|
|a лазеры на свободных электронах
|
| 610 |
1 |
|
|a вторичные пучки
|
| 610 |
1 |
|
|a релятивистские электроны
|
| 610 |
1 |
|
|a электронные ускорители
|
| 610 |
1 |
|
|a тормозное излучение
|
| 610 |
1 |
|
|a фотонейтроны
|
| 610 |
1 |
|
|a рентгеновское излучение
|
| 610 |
1 |
|
|a дифракционное переходное излучение
|
| 610 |
1 |
|
|a каналирование
|
| 610 |
1 |
|
|a позитроны
|
| 610 |
1 |
|
|a ядерные частицы
|
| 610 |
1 |
|
|a радиационные воздействия
|
| 610 |
1 |
|
|a нейтроны
|
| 610 |
1 |
|
|a фотоядерные реакции
|
| 610 |
1 |
|
|a гамма-активационный анализ
|
| 610 |
1 |
|
|a биология
|
| 610 |
1 |
|
|a медицина
|
| 610 |
1 |
|
|a терапия
|
| 610 |
1 |
|
|a радионуклиды
|
| 610 |
1 |
|
|a позитронная томография
|
| 610 |
1 |
|
|a медицинское применение
|
| 610 |
1 |
|
|a лучевая терапия
|
| 610 |
1 |
|
|a медицинские микротроны
|
| 610 |
1 |
|
|a промышленное применение
|
| 610 |
1 |
|
|a промышленная дефектоскопия
|
| 610 |
1 |
|
|a ядерно-физические исследования
|
| 610 |
1 |
|
|a фотоделение
|
| 610 |
1 |
|
|a квантовые эффекты
|
| 610 |
1 |
|
|a редкие фотоядерные процессы
|
| 610 |
1 |
|
|a углерод
|
| 610 |
1 |
|
|a непаулиевские аномальные атомы
|
| 610 |
1 |
|
|a высокоспиновые изомерные состояния
|
| 675 |
|
|
|a 621.384.633.8
|v 3
|
| 700 |
|
1 |
|a Ципенюк
|b Ю. М.
|g Юрий Михайлович
|
| 801 |
|
1 |
|a RU
|b 63413507
|c 20090409
|g PSBO
|
| 801 |
|
2 |
|a RU
|b 63413507
|c 20150619
|g PSBO
|
| 900 |
|
|
|a Физические и радиобиологические основы лучевой терапии
|
| 900 |
|
|
|a Применение ускорителей заряженных частиц в медицине
|
| 900 |
|
|
|a Ускорители в промышленности и научных исследованиях
|
| 942 |
|
|
|c BK
|
| 959 |
|
|
|a 48/20090409
|d 2
|e 230,00
|f АНЛ:1
|f ЧЗТЛ:1
|